000 00207nam a22000857a 4500
008 170116b xxu||||| |||| 00| 0 eng d
100 _92428
_aSharma.N.R
245 _aScience Lab-VII
260 _aNew Delhi
_bLP
_c2010
999 _c5468
_d5468